000 00354nam a2200157Ia 4500
003 GCL
008 140319s9999 xx 000 0 eng d
040 _aGCL /
_cGCL
082 0 4 _a599.74
_bT C
245 1 0 _aCARNIVORES
260 _a[S.N] :
_bTORSTAR BOOKS ،
_c1985
300 _a159 P
650 0 4 _aANIMALS
650 0 4 _aCARNIVORES
942 _2ddc
_cBK
999 _c11523
_d11523